| 000 | 00633nam a2200241 a 4500 | ||
|---|---|---|---|
| 001 | nice12345678 | ||
| 003 | IN_TiNIC | ||
| 005 | 20260116011633.0 | ||
| 008 | 050524s1977 cama grp 000 0 eng | ||
| 020 |
_a052103X _c197.65 |
||
| 082 | 0 | 0 |
_a291.22 _bBOW |
| 100 | _aBowker, John | ||
| 245 | _aProblems of Suffering in Religions of the World. | ||
| 260 |
_aCambridge _bCambridge University Press _c1977 |
||
| 300 | _a318p | ||
| 500 | _aincludes index and biblioraphy | ||
| 505 | 2 | _aindex | |
| 650 | _aComparative Religion-Suffering | ||
| 700 | 1 | _aBowker, John | |
| 902 | _bSRS | ||
| 942 | _cBK | ||
| 999 |
_c3038 _d3038 |
||